<?xml version="1.0" encoding="UTF-8"?>
<record
    xmlns:xsi="http://www.w3.org/2001/XMLSchema-instance"
    xsi:schemaLocation="http://www.loc.gov/MARC21/slim http://www.loc.gov/standards/marcxml/schema/MARC21slim.xsd"
    xmlns="http://www.loc.gov/MARC21/slim">

  <leader>02424aam a2200373 i 4500</leader>
  <controlfield tag="001">60485</controlfield>
  <controlfield tag="003">CO-BoRNBP</controlfield>
  <controlfield tag="005">20260216154741.0</controlfield>
  <controlfield tag="007">ta</controlfield>
  <controlfield tag="008">210928s2021    ck     gr     000 fdspa d</controlfield>
  <datafield tag="020" ind1=" " ind2=" ">
    <subfield code="a">9789585285361</subfield>
  </datafield>
  <datafield tag="020" ind1=" " ind2=" ">
    <subfield code="a">9585285363</subfield>
  </datafield>
  <datafield tag="040" ind1=" " ind2=" ">
    <subfield code="a">CO-BoUNC</subfield>
    <subfield code="b">spa</subfield>
    <subfield code="e">rda</subfield>
    <subfield code="c">CO-BoUNC</subfield>
  </datafield>
  <datafield tag="041" ind1="1" ind2=" ">
    <subfield code="a">spa</subfield>
    <subfield code="h">fre</subfield>
  </datafield>
  <datafield tag="043" ind1=" " ind2=" ">
    <subfield code="a">e-fr---</subfield>
  </datafield>
  <datafield tag="082" ind1="0" ind2="4">
    <subfield code="a">843.912</subfield>
    <subfield code="b">L445alp</subfield>
    <subfield code="2">23</subfield>
  </datafield>
  <datafield tag="100" ind1="1" ind2=" ">
    <subfield code="a">Leblanc, Maurice</subfield>
    <subfield code="d">1864-1941</subfield>
    <subfield code="e">autor</subfield>
    <subfield code="9">68794</subfield>
  </datafield>
  <datafield tag="245" ind1="1" ind2="0">
    <subfield code="a">Arsenio Lupin, caballero y ladr&#xF3;n /</subfield>
    <subfield code="c">Maurice Leblanc.</subfield>
  </datafield>
  <datafield tag="246" ind1="3" ind2="4">
    <subfield code="a">Ars&#xE9;ne Lupin, caballero y ladr&#xF3;n</subfield>
  </datafield>
  <datafield tag="250" ind1=" " ind2=" ">
    <subfield code="a">Primera edici&#xF3;n</subfield>
  </datafield>
  <datafield tag="264" ind1=" " ind2="1">
    <subfield code="a">Colombia :</subfield>
    <subfield code="b">Editorial Blanco &amp; Negro,</subfield>
    <subfield code="c">2021.</subfield>
  </datafield>
  <datafield tag="300" ind1=" " ind2=" ">
    <subfield code="a">156 p&#xE1;ginas ;</subfield>
    <subfield code="c">22 cm.</subfield>
  </datafield>
  <datafield tag="336" ind1=" " ind2=" ">
    <subfield code="a">texto</subfield>
    <subfield code="b">txt</subfield>
    <subfield code="2">rdacontent</subfield>
  </datafield>
  <datafield tag="337" ind1=" " ind2=" ">
    <subfield code="a">sin mediaci&#xF3;n</subfield>
    <subfield code="b">n</subfield>
    <subfield code="2">rdamedia</subfield>
  </datafield>
  <datafield tag="338" ind1=" " ind2=" ">
    <subfield code="a">volumen</subfield>
    <subfield code="b">nc</subfield>
    <subfield code="2">rdacarrier</subfield>
  </datafield>
  <datafield tag="500" ind1=" " ind2=" ">
    <subfield code="a">Incluye datos biogr&#xE1;ficos del autor en la solapa del libro</subfield>
  </datafield>
  <datafield tag="505" ind1="0" ind2=" ">
    <subfield code="a">La Detenci&#xF3;n de Arsenio Lupin -- Arsenio Lupin en prisi&#xF3;n -- La fuga de Arsenio Lupin -- El viajero misterioso -- El collar de la Reina -- El siete de corazones -- La caja fuerte de la se&#xF1;ora Imbert -- La perla negra.</subfield>
  </datafield>
  <datafield tag="520" ind1="1" ind2=" ">
    <subfield code="a">El c&#xE9;lebre polic&#xED;a Ganimard cree haber cumplido con su mayor cometido: Arsenio Lupin ha sido finalmente arrestado y permancce a buen recaudo en la c&#xE1;rcel de la Sant&#xE9;. Pero es precisamente cuando cree haberlo apresado, que deber&#xED;a desconfiar y estar m&#xE1;s atento que nunca, porque el enigm&#xE1;tico Lupin, el caballero que no opera sino en castillos y salones, el hombre de los mil disfraces, nunca se da por vencido, y cambia de traje, de domicilio, de rostro y de escritura; conoce todos los pasadizos secretos, fija citas con sus v&#xED;ctimas antes de robarles, pero tambi&#xE9;n devuelve al gran Herlock Sholmes el reloj que "ha tomado prestado" y a una dama, sus joyas, con un ramo de flores. Estas nuevas aventuras confirman su propia confesi&#xF3;n: "Arsenio Lupin no es y no podr&#xE1; ser sino Arsenio Lupin". A bordo del transatl&#xE1;ntico Provence, cuyas autoridades han sido puestas sobreaviso de la presencia del ladr&#xF3;n, Lupin conoce a Nelly Underdown, una millonaria que le roba el coraz&#xF3;n y a quien &#xE9;l roba las joyas. --Contracubierta</subfield>
  </datafield>
  <datafield tag="534" ind1=" " ind2=" ">
    <subfield code="t">Ars&#xE9;ne Lupin, gentleman cambreioleur</subfield>
  </datafield>
  <datafield tag="650" ind1="1" ind2="7">
    <subfield code="a">Novela francesa</subfield>
    <subfield code="y">Siglo XX</subfield>
    <subfield code="2">LEMB</subfield>
    <subfield code="9">464</subfield>
  </datafield>
  <datafield tag="650" ind1="1" ind2="7">
    <subfield code="a">Literatura francesa</subfield>
    <subfield code="y">Siglo XX</subfield>
    <subfield code="2">LEMB</subfield>
    <subfield code="9">359</subfield>
  </datafield>
  <datafield tag="650" ind1="1" ind2="7">
    <subfield code="a">Novela polic&#xED;aca francesa</subfield>
    <subfield code="2">LEMB</subfield>
    <subfield code="9">68797</subfield>
  </datafield>
  <datafield tag="942" ind1=" " ind2=" ">
    <subfield code="2">ddc</subfield>
    <subfield code="c">BK</subfield>
  </datafield>
  <datafield tag="999" ind1=" " ind2=" ">
    <subfield code="c">60485</subfield>
    <subfield code="d">60485</subfield>
  </datafield>
  <datafield tag="952" ind1=" " ind2=" ">
    <subfield code="0">0</subfield>
    <subfield code="1">0</subfield>
    <subfield code="2">lcc</subfield>
    <subfield code="4">0</subfield>
    <subfield code="7">0</subfield>
    <subfield code="8">012</subfield>
    <subfield code="a">MESJUANI</subfield>
    <subfield code="b">MESJUANI</subfield>
    <subfield code="c">LIT</subfield>
    <subfield code="d">2026-02-16</subfield>
    <subfield code="l">0</subfield>
    <subfield code="o">N LEB</subfield>
    <subfield code="p">SJU02538</subfield>
    <subfield code="r">2026-02-16 15:49:42</subfield>
    <subfield code="t">Ej.1</subfield>
    <subfield code="w">2026-02-16</subfield>
    <subfield code="y">BKLIT</subfield>
  </datafield>
</record>
